[Event "HCL-B3833"]
[Site "www.playchess.de"]
[Date "2006.01.14"]
[Round "5"]
[White "GMO"]
[Black "PhilipKaveny"]
[WhiteElo "1316"]
[BlackElo "1353"]
[PlyCount "110"]
[Result "0-1"]

1.e4 c5 2.Bc4 d6 3.Qf3 e6 {Hello}  4.d3 {Oh my 
friend! How are you?}  a6 5.a3 b5 6.Ba2 Nc6 7.Qd1 
Bb7 8.Nf3 h6 9.Bf4 e5 10.Bg3 Nf6 11.h3 Be7 12.O-O 
O-O {Do you speak English It is my  Great pleasure 
to play you}  13.Nc3 {Não entendo...}  Nd4 14.Nxd4 
cxd4 15.Ne2 Bc8 16.Bh2 Bd7 17.f4 Be6 18.Bxe6 fxe6 
19.fxe5 dxe5 20.Bxe5 Bd6 21.Bxd4 e5 22.Be3 Nh5 
23.Rxf8+ Qxf8 24.Qe1 Rc8 25.Rc1 Nf4 26.Bd2 Be7 
27.Bc3 Nxh3+ 28.gxh3 Qf3 29.Qf1 Qe3+ 30.Kh2 Rf8 
31.Qxf8+ Bxf8 32.Re1 Qf2+ 33.Kh1 Be7 34.Rg1 Qxe2 
35.Bxe5 g5 36.Rg2 Qf3 37.Kh2 h5 38.Bg3 Kh7 39.Rf2 
{You are a duck!}  Qd1 {(:}  40.Rf7+ {Duck = pato} 
 Kg8 {pato ?}  41.Rxe7 {É, você joga muito mal...} 
 Qxc2+ 42.Kg1 Qxd3 43.Bf2 Qxh3 {Quack Quack  
Quack}  44.Bd4 {What? quá quá quá...}  Qg3+ 45.Kf1 
Qd3+ {:) resign please}  46.Kg2 Qxd4 47.Re6 {Ah, 
vai tomar um banho...}  Kf7 48.Rxa6 Qxb2+ 49.Kf3 
Qc3+ 50.Ke2 g4 51.Rh6 Qf3+ 52.Ke1 Qxe4+ 53.Kd1 
Qd3+ 54.Ke1 Qe3+ 55.Kf1 {Very good my friend! Very 
good!}  Qxh6 {I was lucky}  0-1

[Event "HCL-B3840"]
[Site "www.playchess.de"]
[Date "2006.01.14"]
[Round "5"]
[White "PhilipKaveny"]
[Black "Jez"]
[WhiteElo "1353"]
[BlackElo "1200"]
[PlyCount "84"]
[Result "1-0"]

1.e4 e5 2.Bc4 Nf6 3.Nf3 Bc5 4.O-O d6 5.d4 exd4 
6.Nxd4 O-O 7.Nc3 Bxd4 8.Qxd4 Nc6 9.Qd1 h6 10.f3 
Re8 11.b3 a6 12.Bb2 Be6 13.Bxe6 Rxe6 14.Nd5 Ne5 
15.f4 Neg4 16.Nxf6+ Nxf6 17.e5 dxe5 18.Bxe5 Qxd1 
19.Raxd1 Ng4 20.Rfe1 Nxe5 21.Rxe5 Rae8 22.Rde1 
R6xe5 23.Rxe5 Rxe5 24.fxe5 f6 25.exf6 gxf6 26.Kf2 
Kf7 27.c4 Ke6 28.Ke3 Ke5 29.h3 f5 30.g3 h5 31.b4 
c6 32.c5 a5 {(offering draw)}  33.a3 a4 34.h4 Ke6 
{(offering draw) My King can hold the f pawn(e6-e5 
 f6).  I can't see any way white can 
advantageously dislodge either side of the board 
as long as my king covers g5 from your king which 
it can do. Just thought I'd explain this draw 
offer - if its flawed c}  35.Kd4 {Let s make a few 
more moves  I have one last little thing}  Kf6 
{Ok, whatever the outcome this has been a really 
good game so thnks}  36.Kc4 Ke6 37.b5 Ke5 38.Kb4 
Kd5 39.bxc6 Kxc6 40.Kc4 Kd7 41.Kb5 {With all due 
respect my end game has gotten a lot stronger even 
at my advanced age}  Ke6 {(offering draw)}  
42.Kxa4 {I think I have a win}  f4 {yes..taking c6 
with the king was the key error, I have one last 
plan but I'm not sure it'll work} 
 1-0

[Event "HCL-T258"]
[Site "www.playchess.de"]
[Date "2006.01.14"]
[Round "4"]
[White "knightprancer"]
[Black "stevetilbury"]
[WhiteElo "1284"]
[BlackElo "1562"]
[PlyCount "50"]
[Result "0-1"]

1.b4 Na6 2.b5 {Happy New Years ,all the best in 
the tournament ! cheers}  Nc5 {Thanks., Happy new 
year to yourself}  3.d4 Ne6 4.d5 Nc5 5.c4 e6 6.Nc3 
Nf6 7.g3 d6 8.Bg2 e5 9.e4 Bg4 10.Nge2 Be7 11.O-O 
{Good day ! how's the weather there ? In my part 
of Ontario it's +2 dull and rainy.Most of the snow 
has melted away.}  O-O {Hi, quite cold by London 
standards +2 or +3 a north easterly is building up 
bring the winds from Scandinavia}  12.f4 {February 
Is the big bad month for us regarding winter 
storms,hmm I wonder what is in store for us this 
year ? Steave do you follow English Football ?}  
Nfd7 {Not really - I watch Rugby League. Do you 
get to see football}  13.f5 { On Saturdays they 
show only the Premier league which is fine but my 
team is QPR in the championship League and I have 
yet to ever see a match with my Team .}  Bg5 {I 
visited their ground once in 1976 when in London - 
they played Aston Villa. What brings you to 
support them.}  14.Bf3 {When I was about eight 
years old My aunt and Uncle came over from Britain 
for a visit She and her son are huge QPR fans and 
I guess that their enthusiasm for QPR stayed with 
me ?!}  Bxf3 {They had a bad day today I think, 
3-0 loss to Blackburn in the FA Cup}  15.Rxf3 {Hmm 
,that's not so good news ,thanks for the update. 
Your c5 Knight is strongly positioned  there.}  
Bxc1 {Not sure where goes later though -}  16.Qxc1 
{I like your agressive style of play ! I've played 
chess with former eastern European players at 
achess clubs and they tend to play similar style 
.Go from opening straight to the endgame.}  Nf6 {I 
tend to play these games as something for lunch 
hour at work, but obviously i play moves at home 
as now. I am playing all games without setting up 
a board to try and help me for over the board 
games. I hope to achieve my best ever otb rating 
this year}  17.Qc2 {All the best in your pursuit ! 
We have our work cut out for us in this tournament 
.Goofy is the latest player to join and his rating 
is 2000}  a6 {Always learn from the good players!! 
- I hope}  18.Re3 {Thatis true ! Do you follow 
Britains Professional results such as the Olympiad 
Tournament ?}  axb5 {with the internet it is easy 
to follow all the top chess tournaments}  19.Nxb5 
{that's for sure ! Has Britain chess federation 
their 2006 Olympiad team yet ?}  Qd7 {I haven't 
seen anything anywhere}  20.Nbc3 {Canadian 
federation of Chess has announced the 2006 team 
and it looks very strong !Mark 
Bluvshtein,P.Charbonneau are Canada's newest GM's 
,they field the team. England has had many good 
teams over the years !}  Ra3 {the England palyers 
are a bit 'old' now and there isn't a lot of young 
blood coming through}  21.Kf2 {I would think that 
Luke McShane ,Micheal Adams and perhaps Daniel 
King will be on Englands team to name a few ? !}  
Ng4+ {I would say Adams, McShane, Speelman, Sort 
if available. I don't think King is particularly 
active at the moment}  22.Kf3 {nice move !}  Nxe3 
{thx}  23.Kxe3 Rfa8 24.Nc1 Na4 25.Kd3 
Rxc3+ 0-1

[Event "HCL-C4035"]
[Site "www.playchess.de"]
[Date "2006.01.15"]
[Round "14"]
[White "donsimon"]
[Black "EdDaChed"]
[WhiteElo "1037"]
[BlackElo "1079"]
[PlyCount "20"]
[Result "0-1"]

1.e4 d5 2.exd5 Qxd5 3.Nc3 Qd7 4.Nf3 b6 5.g3 Bb7 
6.Bg2 Nc6 7.d4 O-O-O 8.Be3 Nf6 9.O-O Nb4 10.Ne5 
Qe6 0-1

[Event "HCL-B3821"]
[Site "www.playchess.de"]
[Date "2006.01.15"]
[Round "3"]
[White "tusnelda"]
[Black "dynamike"]
[WhiteElo "1182"]
[BlackElo "1610"]
[PlyCount "53"]
[Result "1-0"]

1.e4 c5 2.Nf3 e6 3.d4 cxd4 4.Nxd4 a6 5.Nc3 Qc7 
6.Nf3 Bb4 7.Bd2 Nf6 8.Bd3 Nc6 9.O-O O-O 10.Bg5 Ne8 
11.Bh4 f5 12.exf5 exf5 13.Nd5 Qa5 {na Du scheinst 
ja auch ne richtige Nachteule zu sein :)}  14.Nxb4 
{Manchmal, arbeiten und nebenbei etwas Schach.}  
Qxb4 15.Rb1 Nf6 {bei mir ist es umgekehrt :)}  
16.h3 Ne4 17.a3 Qb6 18.Ng5 d5 19.Bxe4 dxe4 20.Qd5+ 
Kh8 21.Nf7+ Rxf7 22.Qxf7 Bd7 23.Qxd7 Nd4 24.Kh1 f4 
25.b4 Nxc2 26.Rfc1 Nxa3 27.Rc8+ 1-0

[Event "HCL-A2494"]
[Site "www.playchess.de"]
[Date "2006.01.15"]
[Round "22"]
[White "ippuli"]
[Black "cabe"]
[WhiteElo "1530"]
[BlackElo "1415"]
[PlyCount "74"]
[Result "0-1"]

1.e4 {Hello! Good luck....}  e5 {Hello to you too. 
Have a good game!}  2.d4 {You, too!!}  Nc6 3.Nf3 
exd4 4.c3 Nge7 5.Bc4 d5 6.exd5 Nxd5 7.Qb3 Be6 
8.Qxb7 Na5 9.Bb5+ Ke7 10.Qa6 c6 11.Bxc6 Nxc6 
12.Qxc6 dxc3 13.O-O cxb2 14.Bxb2 Qc8 15.Qa4 Qd7 
16.Qh4+ f6 17.Ne5 Qb7 18.Ba3+ Kd8 19.Bxf8 Rxf8 
20.Nd3 Bf5 21.Nc5 Qc6 22.Qd4 Rc8 23.Rc1 Re8 24.Nd2 
Re7 25.Na4 Qxc1+ 26.Rxc1 {Exiting..}  Rxc1+ 27.Nf1 
Be6 {Very exiting indeed!}  28.Nc5 Bf7 29.g3 Ree1 
30.Nb7+ Kc7 31.Qxa7 Rexf1+ 32.Kg2 Rfg1+ 33.Kh3 
Be6+ 34.Kh4 Rc4+ 35.f4 Rxf4+ 36.gxf4 Rg4+ 37.Kh3 
Nxf4+ 0-1

[Event "HCL-B3820"]
[Site "www.playchess.de"]
[Date "2006.01.15"]
[Round "5"]
[White "tusnelda"]
[Black "dynamike"]
[WhiteElo "1182"]
[BlackElo "1610"]
[PlyCount "52"]
[Result "0-1"]

1.e4 c5 2.Nf3 e6 3.d3 Nc6 4.Nc3 a6 5.Bg5 Be7 6.Bf4 
d6 7.Be2 Qc7 8.d4 cxd4 9.Nb1 e5 10.Bg3 Nf6 11.O-O 
O-O 12.Ng5 h6 13.Nf3 Nxe4 14.Bh4 d5 15.a3 Bxh4 
16.Nxh4 Ne7 17.Nd2 f5 18.Nxe4 fxe4 19.Bh5 Be6 
20.Rc1 Rf6 21.c3 d3 22.g3 Raf8 23.f3 Qb6+ 24.Kh1 
Bd7 25.f4 e3 26.fxe5 R6xf1+ 0-1

[Event "HCL-A2505"]
[Site "www.playchess.de"]
[Date "2006.01.15"]
[Round "1"]
[White "cabe"]
[Black "PhilipKaveny"]
[WhiteElo "1415"]
[BlackElo "1354"]
[PlyCount "124"]
[Result "0-1"]

1.e4 {Hello from Amsterdam. Have a good game!}  g6 
{You To The Dutch are good players with a proud 
history}  2.d4 d6 3.Bc4 e6 4.Qf3 Nc6 5.Ne2 Nf6 
6.Bg5 Be7 7.Nbc3 e5 8.d5 Bg4 9.Qe3 Bxe2 10.Qxe2 
Nd4 11.Qd3 a6 12.a3 Ng4 13.Bxe7 Qxe7 14.O-O-O Nxf2 
15.Qe3 Nxd1 16.Nxd1 b5 17.c3 bxc4 18.cxd4 exd4 
19.Qxd4 O-O 20.Re1 Qg5+ 21.Ne3 Qe5 22.Qxe5 dxe5 
23.Nxc4 f6 24.b3 Rab8 25.Na5 Rf7 26.Kc2 Rb5 27.Nc6 
Rd7 28.b4 Rb6 29.Rf1 Kg7 30.Kc3 Rxc6+ 31.dxc6 Rd6 
32.b5 axb5 33.Kb4 Rxc6 34.Kxb5 Rb6+ 35.Ka5 Re6 
36.Rc1 c6 37.Kb6 {Happy Newyear!}  f5 38.Rc3 Kf6 
39.exf5 gxf5 40.a4 e4 41.Re3 f4 42.Re2 h5 43.a5 h4 
44.h3 Kf5 45.a6 c5+ 46.Kb5 c4 47.a7 Re8 48.Kb6 c3 
49.Kb7 Re7+ 50.Kb8 Re8+ 51.Kb7 Re7+ 52.Kb6 Rxa7 
53.Kxa7 f3 54.gxf3 exf3 {Yes lets chat after 
wards}  55.Rf2 Kf4 56.Kb6 Kg3 57.Rc2 Kxh3 58.Rxc3 
Kg2 59.Rc2+ f2 60.Kc5 Kg1 61.Rc1+ f1Q 62.Rxf1+ 
Kxf1 0-1

[Event "HCL-B3800"]
[Site "www.playchess.de"]
[Date "2006.01.15"]
[Round "7"]
[White "newplayer"]
[Black "hctr2006"]
[WhiteElo "1075"]
[BlackElo "1200"]
[PlyCount "72"]
[Result "0-1"]

1.e4 c6 2.e5 d6 3.exd6 exd6 4.Qe2+ Be6 5.c3 d5 
6.h3 Nf6 7.d4 Bd6 8.Bg5 O-O 9.Qd3 Re8 10.Ne2 h6 
11.Bxf6 Qxf6 12.g4 Qh4 13.Nd2 Bxg4 14.Nf3 Bxf3 
15.Qxf3 Qe4 16.Qxe4 Rxe4 17.Bg2 Re7 18.Bf3 Nd7 
19.O-O-O Rae8 20.Rhe1 Nf6 21.a4 Ne4 22.Bxe4 R7xe4 
23.Kd2 f5 24.Ng3 Bf4+ 25.Kd3 R4xe1 26.Rxe1 Rxe1 
27.Nh5 Bh2 28.c4 Kf7 29.b4 Kg6 30.b5 Kxh5 31.a5 
dxc4+ 32.Kxc4 cxb5+ 33.Kxb5 Rc1 34.a6 bxa6+ 
35.Kxa6 Rb1 36.Kxa7 Kg6 0-1

[Event "HCL-C4047"]
[Site "www.playchess.de"]
[Date "2006.01.15"]
[Round "14"]
[White "epenz"]
[Black "IRONMAIDEN"]
[WhiteElo "993"]
[BlackElo "1405"]
[PlyCount "82"]
[Result "0-1"]

1.e4 {hallo}  e5 {hi!}  2.Nf3 Nc6 3.d3 Bc5 4.Be2 
d6 5.O-O Nf6 6.Nc3 O-O 7.h3 g6 8.Bh6 Re8 9.Nd5 
Nxd5 10.exd5 Ne7 11.c4 Nf5 12.Qc1 b6 13.a3 Bd7 
14.b4 Bd4 15.Nxd4 Nxd4 16.Re1 Nf5 17.Bg5 f6 18.Bh6 
Nxh6 19.Qxh6 f5 20.Qd2 f4 21.f3 Rf8 22.Rac1 Rf5 
23.d4 Rg5 24.Kh2 Bxh3 25.gxh3 Rg3 26.Reg1 Qh4 
27.Rxg3 Qxg3+ 28.Kh1 Qxh3+ 29.Kg1 Qg3+ 30.Kf1 Rf8 
31.Bd1 Rf5 32.Qg2 Qh4 33.Ke2 exd4 34.Kd3 Qe1 
35.Qe2 Qg3 36.Qe8+ Kg7 37.Be2 Re5 {jetzt wird es 
spannend}  38.Qd7+ Kh8 39.Qg4 Qf2 40.Qg1 Qxe2+ 
41.Kxd4 Qd2+ 0-1

[Event "ACL-A647"]
[Site "www.playchess.de"]
[Date "2006.01.15"]
[Round "2"]
[White "PrinceKheldar"]
[Black "jets00"]
[WhiteElo "1900"]
[BlackElo "2185"]
[PlyCount "57"]
[Result "1-0"]

1.d4 Nf6 2.c4 g6 3.g3 Bg7 4.Bg2 O-O 5.Nc3 c5 6.d5 
d6 7.Nf3 e6 8.Bg5 Qb6 9.Qb3 Qxb3 10.axb3 Na6 
11.dxe6 fxe6 12.O-O-O d5 13.Bxf6 Bxf6 14.cxd5 Nb4 
15.d6 Bd7 16.Nd2 Bd4 17.Bxb7 Rab8 18.Bg2 Bxf2 
19.Nc4 Bd4 20.Rhf1 Rfd8 21.e3 Bg7 22.Bh3 Rbc8 
23.Kd2 Nc6 24.Ne4 Ne5 25.Rda1 Rca8 {happy new 
year}  26.Kc2 Rdb8 27.Nxe5 Bxe5 28.Ra5 Rb6 
29.Rd1 1-0

[Event "HCL-A2498"]
[Site "www.playchess.de"]
[Date "2006.01.15"]
[Round "19"]
[White "cabe"]
[Black "Emerson"]
[WhiteElo "1415"]
[BlackElo "1731"]
[PlyCount "104"]
[Result "0-1"]

1.e4 {Eine gute Partie gewünscht!}  c5 {Danke, 
lieber Schachfreund!}  2.a3 Nc6 3.b4 cxb4 4.axb4 
Nxb4 5.d4 e6 6.c3 Nc6 7.Nf3 d5 8.exd5 exd5 9.Bb5 
Be7 10.O-O Nf6 11.Ne5 Bd7 12.Re1 O-O 13.c4 dxc4 
14.Bxc4 Be8 15.Bb2 Qb6 16.Qb3 Qxb3 17.Bxb3 Bb4 
18.Rd1 a6 19.Bc3 Bxc3 20.Nxc3 Rd8 21.Nxc6 Bxc6 
22.f3 Nd5 23.Nxd5 Bxd5 24.Bxd5 Rxd5 25.Kf2 Rfd8 
26.Ke3 f5 27.f4 Re8+ 28.Kd3 Re4 29.Kc4 Rd7 30.g3 
Kf7 31.Kc5 Re2 32.h3 Rc2+ 33.Kb4 Rd5 34.Ra5 Rb2+ 
35.Ka3 Rxa5+ 36.Kxb2 Ke6 37.Re1+ Kd6 38.Re8 Ra4 
39.Rg8 g6 40.Rg7 b5 41.Rxh7 Rxd4 42.Rh6 a5 
43.Rxg6+ Kd5 44.Ra6 a4 45.Ra5 Kc4 46.h4 Rd2+ 
47.Kc1 Rg2 48.h5 Rxg3 49.h6 Rh3 50.Ra6 a3 51.Kb1 
Kb3 52.Rf6 Rh1+ 0-1

[Event "HCL-A2461"]
[Site "www.playchess.de"]
[Date "2006.01.15"]
[Round "13"]
[White "Emerson"]
[Black "golddim"]
[WhiteElo "1695"]
[BlackElo "1468"]
[PlyCount "101"]
[Result "1-0"]

1.c4 {Hello, dear chessfriend - let´s try a new 
interesting math!
Norbert}  Nf6 {I'm not good in math. I prefer 
literature ;)}  2.Nc3 e5 3.g3 {Sorry, in my first 
message I made a mistake: I meant MATCH (not 
MATH!). But interesting to hear that you prefer 
literature: I am teacher and one of my subjects is 
literature!
greetings}  c6 {I've got it :) Actually, I don't 
prefer literature, just looked for something 
opposite to math :)}  4.Nf3 {What do you prefer?}  
d6 {Math :)}  5.d3 {That was my "horror" at 
school}  Be7 6.Bg2 O-O 7.O-O Bg4 8.h3 Bxf3 9.Bxf3 
Nbd7 10.b4 d5 11.Rb1 d4 12.Ne4 Nxe4 13.Bxe4 Nf6 
14.Bg2 a5 15.b5 Rb8 16.bxc6 bxc6 17.Rxb8 Qxb8 
18.Bxc6 Qc8 19.Bg2 Qc7 20.Bd2 Bb4 21.Bg5 Nd7 
22.Bc1 Bd6 23.f4 Re8 24.fxe5 Nxe5 25.Bf4 Qc5 
26.Bd5 Rf8 27.Qa4 Qc7 28.Rb1 Rb8 29.Rxb8+ Qxb8 
30.Qxa5 {Hello, I hope you feel well!? We had the 
first snow this winter (30 cm) - and it was really 
cold (-3). This week I have a lot of 
work...
Greetings, 
your german chessfriend Norbert}  Kf8 {+24C here 
and no sign of winter :)}  31.Qa8 {very nice 
weather, is it right that in Israel only falls 
snow every 3rd year?}  Qxa8 {No, it snows every 
winter on Hermon mnt. and sometimes in Jerusalem 
and other hills.}  32.Bxa8 {Hello, today I 
returned from work with feaver - I think I´ll stay 
at home tomorrow...}  f6 {Wish you a quick and a 
full recovery...}  33.Kf2 {Thank you fo your 
friendly wishes - but I fear that will last some 
days (today I have headache...)
-:( Norbert}  Ke7 {It sounds really surprising 
after all sports that you've done. Maybe need to 
review your diet?}  34.a4 {Well, I hope that my 
sport activities help me to become fit in a 
shorter time. Sport is not ALL - I had some stress 
at work (a lot to do)- now I have a little break 
(sleeping, reading, chess). -:)}  h5 35.h4 Ng4+ 
36.Kf3 Bxf4 37.gxf4 Kd6 38.Be4 Ne3 39.Bg6 Kc5 
40.Ke4 Ng2 41.Bxh5 Nxh4 42.a5 g6 43.a6 Kb6 44.Bf3 
{Hello, tomorrow here in Germany  we have 
"Silvester" - the last day of the year 2005. I do 
not know when you celebrate in Israel the 
New-Year-day, but I wish you all the best for 
"2006".
Norbert}  Kxa6 {Thank you, happy New Year!}  
45.Kxd4 Kb6 46.c5+ Kc7 47.Kd5 g5 48.fxg5 fxg5 
49.Ke6 Nxf3 50.exf3 Kc6 51.d4 1-0

[Event "HCL-B3645"]
[Site "www.playchess.de"]
[Date "2006.01.15"]
[Round "10"]
[White "arsenic"]
[Black "Rollum"]
[WhiteElo "1078"]
[BlackElo "800"]
[PlyCount "83"]
[Result "1-0"]

1.e4 d5 2.exd5 Qxd5 3.Nc3 Qe5+ 4.Be2 Bg4 5.Nf3 
Bxf3 6.gxf3 e6 7.d4 Qa5 8.Bd2 Bb4 9.a3 Bxc3 
10.Bxc3 Qd5 11.Qd2 Nc6 12.O-O-O O-O-O 13.Rhg1 Qa2 
14.Qd3 Nf6 15.Kd2 Qd5 16.Rxg7 Rd7 17.Ke1 Qf5 
18.Qxf5 exf5 19.Bc4 Re7+ 20.Kf1 Nh5 21.Rxf7 Rxf7 
22.Bxf7 Nf4 23.Bd2 Nd8 24.Bxf4 Nxf7 25.d5 Rd8 
26.c4 Rg8 27.b4 Nd6 28.Bxd6 cxd6 29.c5 dxc5 
30.bxc5 Re8 31.d6 Rd8 32.Ke2 Re8+ 33.Kf1 a5 34.d7+ 
Kd8 35.dxe8Q+ Kxe8 36.Ke2 Ke7 37.Ke3 Kf6 38.Rd7 h5 
39.Rxb7 Kg5 40.Ra7 f4+ 41.Ke4 h4 
42.c6 1-0

[Event "HCL-A2475"]
[Site "www.playchess.de"]
[Date "2006.01.15"]
[Round "16"]
[White "saemi"]
[Black "Matu"]
[WhiteElo "1630"]
[BlackElo "1498"]
[PlyCount "61"]
[Result "1-0"]

1.e4 {Hello from Iceland}  c6 {hello from germany} 
 2.d4 d5 3.Nc3 dxe4 4.Nxe4 Nf6 5.Nxf6+ exf6 6.Bc4 
Bd6 7.h3 Qe7+ 8.Qe2 O-O 9.Qxe7 Bxe7 10.Nf3 Be6 
11.Bxe6 fxe6 12.O-O Bd6 13.Re1 Kf7 14.g4 Nd7 15.g5 
Rfe8 16.h4 e5 17.Be3 exd4 18.Nxd4 Rad8 19.Nf5 Bb8 
20.Rad1 Ne5 21.Kg2 g6 22.Nh6+ Kg7 23.Rxd8 Rxd8 
24.gxf6+ Kxf6 25.Bg5+ Kg7 26.Bxd8 Kxh6 27.Bg5+ Kg7 
28.f4 Nf7 29.Re7 b6 30.Kf3 h6 31.Bxh6+ 1-0

[Event "HCL-B3671"]
[Site "www.playchess.de"]
[Date "2006.01.15"]
[Round "8"]
[White "torbalan"]
[Black "schachsky"]
[WhiteElo "1167"]
[BlackElo "1173"]
[PlyCount "95"]
[Result "1-0"]

1.e4 e5 {Hello, have a nice game!}  2.Nf3 Nc6 3.d4 
exd4 4.Nxd4 Nf6 5.Nxc6 bxc6 6.e5 Nd5 7.Be2 d6 
8.exd6 cxd6 9.O-O Be7 10.Re1 O-O 11.Bf3 Be6 12.Qd4 
Bf6 13.Qd1 Qb6 14.c3 Rac8 15.Nd2 Rfe8 16.Nc4 Qc5 
17.Qd3 Nf4 18.Qxd6 Qxc4 19.Qxf4 Qb5 20.a4 Qb6 
21.Be3 Qxb2 22.Bd4 Bxd4 23.Qxd4 c5 24.Qe3 Bd7 
25.Qc1 Qb6 26.a5 Qg6 27.Rd1 Re5 28.Rxd7 Rce8 
29.Rd1 Rf5 30.Rd3 Rfe5 31.Re3 Qg5 32.Qd2 R5xe3 
33.fxe3 h6 34.Re1 c4 35.a6 Rd8 36.Qe2 Qb5 37.Bb7 
Rd3 {Best wishes for 2006!}  38.Qc2 Qb3 39.Rc1 
Rxe3 40.Kf2 Qb6 41.Kf1 Qf6+ 42.Kg1 Qb6 43.Kh1 Qe6 
44.Qf2 Qe5 45.Bd5 Rxc3 46.Rxc3 Qxc3 47.Qxf7+ Kh8 
48.Qg8+ 1-0

[Event "HCL-C4015"]
[Site "www.playchess.de"]
[Date "2006.01.15"]
[Round "6"]
[White "Chilov"]
[Black "Huanchaco"]
[WhiteElo "800"]
[BlackElo "954"]
[PlyCount "52"]
[Result "0-1"]

1.e4 Nf6 2.d3 e5 3.Nf3 d6 4.Bg5 Be7 5.Be2 h6 
6.Bxf6 Bxf6 7.Nc3 Be6 8.a3 Nc6 9.O-O Nd4 10.Nxd4 
exd4 11.Nb1 d5 12.exd5 Qxd5 13.Bf3 Qb5 14.b4 Rd8 
15.c4 dxc3 16.Be2 c2 17.Qxc2 Bxa1 18.Nd2 Bf6 
19.Qxc7 Qe5 20.Bf3 Qxc7 21.Be4 Bd5 22.Bxd5 Rxd5 
23.Ne4 Be5 24.g3 Rxd3 25.Re1 O-O 26.Nc5 
Rxa3 0-1

[Event "HCL-C4024"]
[Site "www.playchess.de"]
[Date "2006.01.15"]
[Round "2"]
[White "SH"]
[Black "lierozip"]
[WhiteElo "759"]
[BlackElo "800"]
[PlyCount "21"]
[Result "1-0"]

1.d4 d5 2.c4 {hello, wish a nice game}  e6 3.cxd5 
Qxd5 4.Nc3 Qd8 5.e4 c6 6.Nf3 Be7 7.Bc4 a6 8.O-O b5 
9.Bb3 Ra7 10.Bf4 Bb7 11.d5 1-0

[Event "HCL-M872"]
[Site "www.playchess.de"]
[Date "2006.01.15"]
[Round "15"]
[White "Pitch"]
[Black "Grabanzito"]
[WhiteElo "2037"]
[BlackElo "1733"]
[PlyCount "43"]
[Result "1-0"]

1.e4 c5 {Hello from Cologne and good luck}  2.Nf3 
{Same to you}  Nf6 3.e5 Nd5 4.c3 Nc6 5.d4 e6 6.c4 
Nb6 7.d5 exd5 8.cxd5 Nb4 9.Nc3 g6 10.a3 Na6 11.a4 
d6 12.Bb5+ Bd7 13.Qe2 Bxb5 14.axb5 Nb4 15.exd6+ 
Kd7 16.Ne5+ Kc8 17.Nxf7 Qd7 18.Nxh8 N4xd5 19.Nxd5 
Nxd5 20.Bg5 Bxd6 21.O-O-O Nb4 22.Rxd6 1-0

[Event "HCL-M872"]
[Site "www.playchess.de"]
[Date "2006.01.15"]
[Round "13"]
[White "Bauarbeiter"]
[Black "Grabanzito"]
[WhiteElo "1832"]
[BlackElo "1733"]
[PlyCount "45"]
[Result "0-1"]

1.d4 {Hallo. Viel Glück.}  Nf6 {Hallo aus Köln und 
viel Glück}  2.c4 {Bin in Hamburg.}  g6 3.Nf3 Bg7 
4.Nc3 O-O 5.Bf4 d6 6.e3 Nbd7 7.Rc1 c5 8.d5 h6 
9.Be2 Nh5 10.Bg3 Nxg3 11.hxg3 Nf6 12.Qd2 Bd7 13.e4 
Qb8 14.b3 a6 15.Bd3 b5 16.a3 b4 17.axb4 Qxb4 
18.Bc2 Ng4 19.Ne2 a5 20.Qxb4 axb4 21.O-O Ra3 
22.Rca1 Rxa1 {Du hast schon gesehen, daß mein 
Läufer von g7 auch auf a1 guckt, oder ?}  23.Rxa1 
{ups. Hatte ich nicht gesehn. So schnell kann dann 
eine Partie zu Ende gehen. 
Glückwunsch.}  0-1

[Event "HCL-C3952"]
[Site "www.playchess.de"]
[Date "2006.01.15"]
[Round "27"]
[White "JerryReneau"]
[Black "alauddin"]
[WhiteElo "1117"]
[BlackElo "937"]
[PlyCount "83"]
[Result "1-0"]

1.d4 d5 2.e3 a6 3.c4 Nf6 4.Nc3 Be6 5.Nf3 dxc4 6.e4 
Bg4 7.Bxc4 b5 8.Be2 b4 9.Na4 Nxe4 10.O-O g6 11.Qc2 
Bf5 12.Bd3 Qd5 13.Qc4 Qxc4 14.Bxc4 Bg7 15.Bd5 Ra7 
16.Bf4 O-O 17.Rfe1 c6 18.Bxe4 Bg4 19.h3 Bc8 
20.Bxb8 Rb7 21.Bg3 b3 22.Bxc6 Rb4 23.Nc3 Bxd4 
24.a3 Rb6 25.Nxd4 Rd8 26.Bc7 Rxd4 27.Bxb6 Rd2 
28.Na4 Rxb2 29.Nxb2 Bf5 30.Rxe7 Kg7 31.Bd4+ Kh6 
32.Rxf7 Be6 33.Re7 Bg8 34.Be3+ g5 35.Bf3 Kg6 36.h4 
h6 37.hxg5 hxg5 38.Bxg5 Kxg5 39.Rg7+ Kf6 40.Rxg8 
Kf7 41.Bd5+ Kf6 42.Bxb3 1-0

[Event "HCL-A2498"]
[Site "www.playchess.de"]
[Date "2006.01.15"]
[Round "2"]
[White "kali"]
[Black "Baldrick"]
[WhiteElo "1456"]
[BlackElo "1719"]
[PlyCount "42"]
[Result "1/2-1/2"]

1.Nf3 d5 2.g3 e6 3.Bg2 Bd6 4.d3 f5 5.O-O Nf6 6.Bg5 
O-O 7.Nbd2 h6 8.Bxf6 Qxf6 9.c3 Nc6 10.Qc2 g5 
11.Rac1 Bd7 12.a3 Ne5 13.Nxe5 Bxe5 14.Nf3 Bd6 
15.d4 Rac8 16.e3 c5 17.Qd3 c4 18.Qd2 g4 19.Ne1 h5 
20.f4 h4 21.Rf2 h3 {(offering draw) I offer a draw 
here}  1/2-1/2

[Event "HCL-E1525"]
[Site "www.playchess.de"]
[Date "2006.01.15"]
[Round "20"]
[White "BigAl"]
[Black "Matu"]
[WhiteElo "1540"]
[BlackElo "1538"]
[PlyCount "32"]
[Result "0-1"]

1.e4 {Good to meet you again, good luck with the 
tournament}  c6 {hi and good luck}  2.d4 d5 3.f3 
{A very happy Christmas to you and your family, I 
hope 2006 is a great year for you}  dxe4 {Thanks a 
lot and the best wishes to you}  4.fxe4 {Many 
thanks my friend}  Nf6 5.Nd2 Bg4 6.Be2 Bxe2 7.Nxe2 
Nbd7 8.O-O e5 9.Nc4 Nxe4 10.dxe5 Bc5+ 11.Be3 Bxe3+ 
12.Nxe3 Nxe5 13.Qe1 Qb6 14.Qc1 O-O 15.Rf4 f5 16.c3 
Nd3 0-1